Which is Taller? - Statistics

General Stats
  • This quiz has been taken 40 times
  • The average score is 11 of 18
Answer Stats
Question Answer % Correct
6'1" Barack Obama
100%
3776m Mount Fuji
100%
1745m Mount Rushmore
100%
6'8" Lebron James
83%
451m Petronas Towers
83%
4394m Mt. Rainier
67%
2921m Tallest mountain in Greece (Mount Olympus)
67%
384m The 20th tallest building in China
67%
342m The world's tallest bridge
67%
324m Eiffel Tower
50%
4808m Mont Blanc
50%
7'6" Yao Ming
50%
5959m Mount Logan (tallest mountain in Canada)
33%
632m Shanghai Tower
33%
423m Trump International Hotel and Tower in Chicago
33%
169m Washington Monument
33%
840m Mount Saint Catherine (tallest mountain in Grenada)
17%
541m One World Trade Center
17%
No matching quizzes found
Score Distribution
Percent of People with Each Score
Percentile by Number Answered
Your Score History
You have not taken this quiz